<?xml version="1.0" encoding="UTF-8"?>
<resp>
  <nextPage>https://data.bn.org.pl/api/networks/bibs.marcxml?marc=001+b00001150003241&amp;sinceId=1150003242</nextPage>
  <collection>
    <record xmlns='http://www.loc.gov/MARC21/slim'><leader>01084nam a2200313 i 4500</leader><controlfield tag='001'>b00001150003241</controlfield><controlfield tag='005'>20260402111628.2</controlfield><controlfield tag='008'>230609s2006    pl a         |000 0 pol c</controlfield><controlfield tag='009'>9913261739105606</controlfield><datafield ind1=' ' ind2=' ' tag='020'><subfield code='a'>838972541X</subfield></datafield><datafield ind1=' ' ind2=' ' tag='035'><subfield code='a'>KR_1KR_1_20120317235851051289-48omnis_kr</subfield></datafield><datafield ind1=' ' ind2=' ' tag='035'><subfield code='a'>KR_1_20120317235851051289</subfield><subfield code='9'>ExL</subfield></datafield><datafield ind1=' ' ind2=' ' tag='035'><subfield code='a'>(PL)b00001150003241</subfield></datafield><datafield ind1=' ' ind2=' ' tag='040'><subfield code='a'>KR_1</subfield><subfield code='c'>KR_1</subfield><subfield code='d'>WA N</subfield></datafield><datafield ind1='1' ind2=' ' tag='041'><subfield code='a'>pol</subfield><subfield code='h'>eng</subfield></datafield><datafield ind1='0' ind2='0' tag='245'><subfield code='a'>Środowisko /</subfield><subfield code='c'>[Tł. Anna Pawłowska].</subfield></datafield><datafield ind1=' ' ind2=' ' tag='260'><subfield code='a'>W-wa :</subfield><subfield code='b'>Przedsiębiorstwo Wydawniczo-Handlowo-Usługowe &quot;Arti Centrum&quot; Artur Rogala,</subfield><subfield code='c'>cop. 2006.</subfield></datafield><datafield ind1=' ' ind2=' ' tag='300'><subfield code='a'>64 s. :</subfield><subfield code='b'>il. kolor., mapy ;</subfield><subfield code='c'>29 cm</subfield></datafield><datafield ind1='1' ind2=' ' tag='490'><subfield code='a'>Ilustrowana Biblioteka Wiedzy</subfield></datafield><datafield ind1=' ' ind2=' ' tag='501'><subfield code='a'>Na okł. tyt. : Środowisko naturalne.</subfield></datafield><datafield ind1=' ' ind2='9' tag='650'><subfield code='a'>Środowisko człowieka</subfield><subfield code='v'>wydawnictwa popularne</subfield></datafield><datafield ind1='1' ind2=' ' tag='700'><subfield code='a'>Pawłowska, Anna</subfield><subfield code='e'>Tł.</subfield></datafield><datafield ind1=' ' ind2=' ' tag='852'><subfield code='b'>48OMNIS_NETWORK</subfield><subfield code='8'>9913261739105606</subfield></datafield><datafield ind1=' ' ind2=' ' tag='852'><subfield code='b'>48OMNIS_KR</subfield><subfield code='8'>991000032399708216</subfield></datafield><datafield ind1=' ' ind2=' ' tag='852'><subfield code='8'>229932890008216</subfield><subfield code='j'>1</subfield><subfield code='b'>KR_2_1</subfield><subfield code='p'>KR_2_10003825</subfield><subfield code='c'>KR_2_1_1</subfield></datafield><datafield ind1=' ' ind2=' ' tag='920'><subfield code='a'>83-89725-41-X</subfield></datafield></record>
  </collection>
</resp>
